| 000 | 00948nac a22002651i 4500 | ||
|---|---|---|---|
| 003 | EG-ScBUE | ||
| 005 | 20240401093339.0 | ||
| 008 | 100131m19561958nyu f 001 0 eng d | ||
| 040 |
_aEG-ScBUE _beng _erda _cEG-ScBUE _dEG-ScBUE |
||
| 043 | _ae-uk--- | ||
| 082 | 0 | 4 |
_a942 _bCHU _222 |
| 100 | 1 |
_aChurchill, Winston, _d1874-1965, _eauthor. _910721 |
|
| 245 | 1 | 2 |
_aA history of the English-speaking peoples / _cWinston S. Churchill. |
| 264 | 1 |
_aNew York : _bDodd, Mead & Company, _c1956-1958. |
|
| 300 |
_a4 volumes ; _c24 cm |
||
| 336 |
_2rdacontent _atext _btxt |
||
| 337 |
_aunmediated _2rdamedia _bn |
||
| 338 |
_avolume _bnc _2rdacarrier |
||
| 500 | _aIncludes index. | ||
| 505 | 0 | _aVolume 1. The birth of Britain -- Volume 2. The New World -- Volume 3. The age of revolution -- Volume 4. The great democracies. | |
| 651 | 7 |
_aGreat Britain _xHistory. _2BUEsh |
|
| 655 | _vReading book | ||
| 942 |
_cBB _2ddc |
||
| 999 |
_c6117 _d6117 |
||